000 02511cam a2200301 4500500
005 20260111150308.0
041 _afre
042 _adc
100 1 0 _aComoretto, Géraldine
_eauthor
245 0 0 _aDes usages du jeu à la cantine
260 _c2014.
500 _a58
520 _aCet article propose une recension des jeux enfantins observés à la cantine lors d’une enquête ethnographique menée dans trois écoles élémentaires de la région parisienne. Qu’il s’agisse de la nourriture, du matériel de cantine ou des jouets, il montre de quelle façon les enfants mobilisent le jeu lors des repas au restaurant scolaire. Support de transgression des interdits, de réappropriation de cet espace-temps alimentaire et d’intégration au groupe de pairs, le jeu à la cantine offre un observatoire singulier des interactions enfantines.
520 _aPlaying in school canteensThis article proposes an examination of the diversity of children’s games observed in school canteens during an ethnographic study conducted in three primary schools of the Paris region. The various categories of games – with food, canteen equipment or toys – illustrate the way children play during school meals : it can be a support of transgression, a way to take possession of this space-time or a manner to fit into the peer group. The use of play in school canteens allows new perspectives on children interactions.
520 _aDieser Artikel gibt einen Überblick über die Kinderspiele in der Schulkantine, die im Rahmen einer ethnographischen Studie in drei Grundschulen in der Pariser Region beobachtet wurden. Er zeigt auf, auf welche Weise Kinder das Spiel während des Mittagessens in der Kantine mobilisieren, sei es durch die Nutzung von Nahrung, von Objekten aus der Kantine oder von Spielzeug. Als Mittel Verbotenes zu überschreiten und den Raum der Nahrungsaufnahme und der Integration mit Gleichaltrigen wieder einzunehmen, stellt das Spiel in der Kantine eine einzigartige Möglichkeit zur Beobachtung der kindlichen Interaktionen dar.
690 _aalimentation
690 _acantine scolaire
690 _aenfance
690 _ajeu
690 _apairs
690 _achildhood
690 _afood
690 _apeers
690 _aplay
690 _aschool restaurant
786 0 _nEthnologie française | 44 | 4 | 2014-07-29 | p. 707-717 | 0046-2616
856 4 1 _uhttps://shs.cairn.info/revue-ethnologie-francaise-2014-4-page-707?lang=fr&redirect-ssocas=7080
999 _c1637410
_d1637410